00341nam a2200145Ia 4500003000400000005001700004008004100021040000700062041000800069082001900077100002100096245002700117260004300144365000800187OSt20230612094503.0210423s1995 xx 000 0 und d cAL aeng a158.3 ANTS223 aANTONY (D John). aSkills of counselling. aBangalorebAnugraha Publicationsc1995 cINR